Abc of sports medicine / (Record no. 132531)

MARC details
000 -LEADER
fixed length control field 00660nam a2200241 a 4500
008 - FIXED-LENGTH DATA ELEMENTS--GENERAL INFORMATION
fixed length control field
020 ## - INTERNATIONAL STANDARD BOOK NUMBER
International Standard Book Number 0727908448(pbk.)
049 ## - LOCAL HOLDINGS (OCLC)
Holding library MAIN
090 ## - LOCALLY ASSIGNED LC-TYPE CALL NUMBER (OCLC); LOCAL CALL NUMBER (RLIN)
Classification number (OCLC) (R) ; Classification number, CALL (RLIN) (NR) RD97 ABC
003 - CONTROL NUMBER IDENTIFIER
control field
005 - DATE AND TIME OF LATEST TRANSACTION
control field 20230123124921.0
040 ## - CATALOGING SOURCE
Transcribing agency NUST
245 10 - TITLE STATEMENT
Title Abc of sports medicine /
Statement of responsibility, etc. edited by Greg Mclatchie ...[at.el]
260 ## - PUBLICATION, DISTRIBUTION, ETC.
Place of publication, distribution, etc. London :
Name of publisher, distributor, etc. BMJ,
Date of publication, distribution, etc. 1995.
300 ## - PHYSICAL DESCRIPTION
Extent vii, 109 p. :
Other physical details ill. (some col.) ;
Dimensions 30 cm.
490 ## - SERIES STATEMENT
Series statement ABCs.
500 ## - GENERAL NOTE
General note Includes index.
650 ## - SUBJECT ADDED ENTRY--TOPICAL TERM
Topical term or geographic name entry element Sports medicine.
650 #1 - SUBJECT ADDED ENTRY--TOPICAL TERM
Topical term or geographic name entry element Sports science.
700 ## - ADDED ENTRY--PERSONAL NAME
Personal name McLatchie, Greg.
907 ## - LOCAL DATA ELEMENT G, LDG (RLIN)
a .b10258899
b 05-11-09
c 08-12-08
942 ## - ADDED ENTRY ELEMENTS (KOHA)
Koha item type Ordinary Loan Books
Call number prefix RD97 ABC
Holdings
Date last seen Total Checkouts Full call number Barcode Cost, replacement price Price effective from Koha item type Lost status Source of classification or shelving scheme Damaged status Not for loan Collection Withdrawn status Home library Current library Shelving location Date acquired Cost, normal purchase price
01/23/2023   RD97 ABC 92004009211 80.00 01/23/2023 BOOKS   LCC     NFIC   MAIN MAIN GEN 01/23/2023 80.00